Gaming Quiz

Random Gaming or Console Quiz

Crash Bandicoot Levels (Naughty Dog) by ANY 3 Letters Quiz Stats

 Plays Quiz not verified by Sporcle

Score 0/132 Timer 07:00
2 Plays Today
Game Level % Correct
Crash Team RacingPinstripe's Challenge
92.7%
Crash BandicootPinstripe Potoroo
91.4%
Crash Bandicoot: WarpedRoad Crash
91.4%
Crash Team RacingRipper Roo's Challenge
91.3%
Crash BandicootDr. Neo Cortex
90.8%
CB 2: Cortex Strikes BackN. Cortex
90.8%
Crash Bandicoot: WarpedN. Cortex
90.8%
Crash Team RacingPapu Papu's Challenge
89.1%
Crash Team RacingCortex Castle
88.5%
CB 2: Cortex Strikes BackKomodo Brothers
88.5%
Crash BandicootN. Sanity Beach
88.4%
Crash BandicootRipper Roo
87.9%
Crash BandicootThe High Road
87.9%
CB 2: Cortex Strikes BackRipper Roo
87.9%
Crash BandicootCortex Power
87.7%
CB 2: Cortex Strikes BackCold Hard Crash
87.2%
CB 2: Cortex Strikes BackAir Crash
86.4%
CB 2: Cortex Strikes BackAir Crash
86.4%
Crash Team RacingN. Oxide's Challenge
86.2%
CB 2: Cortex Strikes BackHangin' Out
86.1%
CB 2: Cortex Strikes BackCrash Dash
85.7%
Crash Team RacingCrash Cove
85.7%
Crash Team RacingPapu's Pyramid
85.4%
CB 2: Cortex Strikes BackCrash Crush
84.9%
Crash BandicootFumbling in the Dark
84.9%
CB 2: Cortex Strikes BackTiny Tiger
84.7%
Crash Bandicoot: WarpedTiny Tiger
84.7%
Crash Team RacingTiny Arena
84.5%
Crash Team RacingDingo Canyon
84.4%
Crash Bandicoot: WarpedDingodile
84.2%
Crash BandicootThe Great Hall
83.3%
CB 2: Cortex Strikes BackN. Gin
82.9%
Crash Bandicoot: WarpedN. Gin
82.9%
Crash BandicootPapu Papu
82.5%
Crash BandicootThe Great Gate
82.1%
Crash Bandicoot: WarpedSki Crazed
81.3%
Crash BandicootDr. Nitrus Brio
80.7%
CB 2: Cortex Strikes BackTotally Bear
80.7%
CB 2: Cortex Strikes BackRoad to Ruin
80.5%
CB 2: Cortex Strikes BackRoad to Ruin
80.5%
Crash Bandicoot: WarpedDino Might!
80.4%
CB 2: Cortex Strikes BackUn-Bearable
79.7%
Crash Team RacingRocky Road
79.7%
Crash Bandicoot: WarpedHang'em High
79.1%
Game Level % Correct
Crash Bandicoot: WarpedHang'em High
79.1%
Crash Team RacingN. Gin Labs
78.8%
Crash BandicootThe Lab
78.5%
CB 2: Cortex Strikes BackBear Down
77.6%
Crash BandicootRoad to Nowhere
77.2%
CB 2: Cortex Strikes BackBear It
76.9%
Crash BandicootJungle Rollers
76.8%
Crash BandicootBoulder Dash
76.7%
Crash BandicootRolling Stones
76.6%
Crash BandicootUp the Creek
76.1%
Crash BandicootThe Lost City
75.3%
Crash Bandicoot: WarpedFuture Frenzy
75.3%
Crash Bandicoot: WarpedFuture Frenzy
75.3%
CB 2: Cortex Strikes BackThe Eel Deal
74.9%
Crash Team RacingNitro Court
74.7%
Crash Team RacingKomodo Joe's Challenge
74.4%
Crash Bandicoot: WarpedN. Tropy
73.9%
Crash BandicootGenerator Room
73.8%
CB 2: Cortex Strikes BackThe Pits
73.1%
Crash BandicootTemple Ruins
72.8%
Crash Bandicoot: WarpedHog Ride
72.7%
Crash BandicootToxic Waste
72.5%
CB 2: Cortex Strikes BackRuination
72.5%
Crash BandicootKoala Kong
72.4%
Crash BandicootCastle Machinery
72.4%
Crash BandicootBoulders
71.7%
CB 2: Cortex Strikes BackSewer or Later
71.3%
Crash BandicootWhole Hog
71.2%
Crash Bandicoot: WarpedDeep Trouble
70.8%
Crash BandicootHog Wild
70.7%
Crash Team RacingSlide Coliseum
70.7%
Crash Team RacingHot Air Skyway
70.5%
Crash Team RacingSewer Speedway
70.3%
Crash BandicootSlippery Climb
70.1%
CB 2: Cortex Strikes BackHang Eight
70.1%
Crash Team RacingTurbo Track
69.6%
CB 2: Cortex Strikes BackDiggin' It
69.4%
Crash Bandicoot: WarpedHot Coco
69%
Crash BandicootHeavy Machinery
68.9%
CB 2: Cortex Strikes BackTurtle Woods
68.3%
Crash Bandicoot: WarpedGone Tomorrow
67.9%
Crash BandicootUpstream
67.3%
Crash Team RacingTiger Temple
67.3%
Crash Bandicoot: WarpedMidnight Run
66.1%
Game Level % Correct
Crash BandicootNative Fortress
66%
Crash Team RacingCoco Park
65.7%
Crash Bandicoot: WarpedDouble Header
65.1%
Crash Bandicoot: WarpedTomb Wader
65.1%
Crash Bandicoot: WarpedUnder Pressure
65%
CB 2: Cortex Strikes BackSnow Go
64.7%
CB 2: Cortex Strikes BackSnow Biz
64.7%
CB 2: Cortex Strikes BackSnow Go
64.7%
CB 2: Cortex Strikes BackBee-Having
64.1%
Crash Bandicoot: WarpedTomb Time
63.6%
CB 2: Cortex Strikes BackPiston It Away
63.5%
Crash Bandicoot: WarpedOrange Asphalt
63.3%
Crash BandicootSunset Vista
63.1%
Crash Bandicoot: WarpedSphynxinator
62.9%
Crash Team RacingRoo's Tubes
62.9%
Crash Team RacingRampage Ruins
62.8%
CB 2: Cortex Strikes BackSpaced Out
62.4%
Crash Bandicoot: WarpedHigh Time
62.4%
Crash Bandicoot: WarpedOrient Express
62.1%
Crash Bandicoot: WarpedArea 51?
61.3%
Crash BandicootLights Out
61.2%
Crash Bandicoot: WarpedToad Village
61%
Crash BandicootJaws of Darkness
59.5%
Crash Bandicoot: WarpedRings of Power
59.3%
Crash Team RacingOxide Station
59.3%
Crash Bandicoot: WarpedFlaming Passion
59%
CB 2: Cortex Strikes BackTotally Fly
57.6%
Crash Team RacingPolar Pass
57.2%
Crash Team RacingSkull Rock
57.1%
Crash Team RacingDragon Mines
55.9%
CB 2: Cortex Strikes BackNight Fight
55.3%
CB 2: Cortex Strikes BackRock It
53.5%
CB 2: Cortex Strikes BackPlant Food
52.4%
Crash Bandicoot: WarpedBone Yard
50.1%
Crash Bandicoot: WarpedBye Bye Blimps
49.9%
CB 2: Cortex Strikes BackPack Attack
48.6%
Crash Team RacingBlizzard Bluff
47.7%
Crash Team RacingMystery Caves
46.9%
Crash Bandicoot: WarpedMad Bombers
46.6%
Crash Bandicoot: WarpedMakin' Waves
45%
Crash Bandicoot: WarpedGee Wiz
44.6%
Crash Bandicoot: WarpedBug Lite
39.9%
Crash Bandicoot: WarpedEggipus Rex
39.7%
Crash Bandicoot: WarpedTell No Tales
37.9%

You're not logged in!

Compare scores with friends on all Sporcle quizzes.
OR
Log In

Sporcle TV

Today on Sporcle TV


Watch our educational content, quiz creation guides, and fun videos on Sporcle TV.

Show Comments

Extras

Top Quizzes Today


Score Distribution

Your Account Isn't Verified!

In order to create a playlist on Sporcle, you need to verify the email address you used during registration. Go to your Sporcle Settings to finish the process.

Report this User

Report this user for behavior that violates our Community Guidelines.

Details: